[Event "FIDE WRBTC Blitz-Pool 2024"]
[Site "Astana"]
[Date "2024.08.05"]
[Round "1.36"]
[White "Kurlak, Jakub"]
[Black "Anetov, Amirzhan"]
[Result "0-1"]
[WhiteElo "1828"]
[BlackElo "1661"]
[Annotator "NA"]
[PlyCount "74"]
[EventDate "2024.08.01"]
[EventType "team-tourn"]
[EventCountry "KAZ"]
[SourceTitle "playchess.com"]
[Source "ChessBase"]
[SourceQuality "1"]

1. d4 d5 2. Nf3 Nf6 3. g3 e6 4. Bg2 Be7 5. O-O O-O 6. Re1 c5 7. c3 Nc6 8. e3 b6 9. Nbd2 Bb7 10. b3 cxd4 11. exd4 Rc8 12. Bb2 Bd6 13. Rc1 Re8 14. h4 e5 15. dxe5 Nxe5 16. Nxe5 Bxe5 17. Nf3 Bd6 18. Nd4 Qd7 19. Qd2 Ne4 20. Bxe4 dxe4 21. Qg5 Be7 22. Qf4 Bf6 23. Rcd1 Qc7 24. Qxc7 Rxc7 25. Nb5 Rc5 26. Nd6 Re7 27. Ba3 Rc6 28. Nxe4 Rec7 29. Nd6 h6 30. Ne8 Rc8 31. Nxf6+ gxf6 32. Re7 R8c7 33. Rd8+ Kg7 34. Ree8 Rxc3 35. h5 Rc1+ 36. Bxc1 Rxc1+ 37. Kh2 Rh1# 0-1

[Event "FIDE WRBTC Blitz-Pool 2024"]
[Site "Astana"]
[Date "2024.08.05"]
[Round "1.36"]
[White "Bozhgulova, Zaynabkhan"]
[Black "Kabylbek, Yedil"]
[Result "0-1"]
[WhiteElo "1605"]
[BlackElo "1857"]
[Annotator "NA"]
[PlyCount "160"]
[EventDate "2024.08.01"]
[EventType "team-tourn"]
[EventCountry "KAZ"]
[SourceTitle "playchess.com"]
[Source "ChessBase"]
[SourceQuality "1"]

1. b3 Nf6 2. Bb2 g6 3. e3 Bg7 4. Nf3 O-O 5. d4 d5 6. Be2 Ne4 7. O-O c5 8. c4 dxc4 9. bxc4 Nc6 10. Nbd2 Nxd2 11. Qxd2 Bg4 12. d5 Bxf3 13. Bxf3 Bxb2 14. Qxb2 Na5 15. Rac1 Rc8 16. Rfd1 b6 17. Qe5 Qd6 18. Qg5 Kg7 19. e4 f6 20. Qe3 Nb7 21. Re1 Qe5 22. Bg4 Rc7 23. f4 Qd4 24. Qxd4 cxd4 25. Red1 Nd6 26. Rxd4 f5 27. exf5 gxf5 28. Bf3 Rfc8 29. Be2 b5 30. Re1 bxc4 31. Rc1 Rc5 32. h3 Ra5 33. g4 Rxa2 34. Bxc4 Ra4 35. Re1 Rc7 36. gxf5 Raxc4 37. Rd2 Rxf4 38. Rde2 Kf7 39. Re6 Rxf5 40. Rh6 Rg5+ 41. Kh2 Rc2+ 42. Kh1 Nf5 43. Rf1 Kg7 44. Re6 Ng3+ 45. Kg1 Nxf1+ 46. Kxf1 Kf7 47. Rh6 Rxd5 48. Rxh7+ Ke6 49. Rh6+ Kd7 50. Ke1 Rh2 51. Ra6 Rxh3 52. Rxa7+ Ke6 53. Ra6+ Kf7 54. Ra4 Rhh5 55. Rf4+ Rhf5 56. Rg4 Rde5+ 57. Kd2 Rg5 58. Rf4+ Ref5 59. Re4 e5 60. Kd3 Ke6 61. Rc4 Kd5 62. Ra4 Rg3+ 63. Ke2 Rb3 64. Ra5+ Kc4 65. Ra4+ Rb4 66. Ra7 e4 67. Rc7+ Rc5 68. Re7 Kd4 69. Rd7+ Rd5 70. Re7 Rb2+ 71. Kd1 Kd3 72. Kc1 Rh2 73. Rg7 e3 74. Rg3 Rf5 75. Rg1 Rff2 76. Rd1+ Kc3 77. Rd7 Rc2+ 78. Kb1 Rb2+ 79. Ka1 Rh1+ 80. Rd1 Rxd1# 0-1

[Event "FIDE WRBTC Blitz-Pool 2024"]
[Site "Astana"]
[Date "2024.08.05"]
[Round "1.37"]
[White "Grachev, Boris"]
[Black "Bologan, Victor"]
[Result "0-1"]
[WhiteElo "2585"]
[BlackElo "2598"]
[Annotator "ChessBase"]
[PlyCount "140"]
[EventDate "2024.08.01"]
[EventType "team-tourn"]
[EventCountry "KAZ"]
[SourceTitle "playchess.com"]
[Source "ChessBase"]
[SourceQuality "1"]

1. d4 d6 2. Nf3 g6 3. g3 Bg7 4. Bg2 Nf6 5. O-O O-O 6. c4 Nc6 7. Nc3 e5 8. dxe5 dxe5 9. Qxd8 Rxd8 10. Bg5 Be6 11. Nd2 h6 12. Bxf6 Bxf6 13. Nd5 Bxd5 14. cxd5 Ne7 15. Ne4 Nxd5 16. Nc5 Rab8 17. Rfd1 c6 18. Rac1 Bg5 19. e3 Be7 20. Nd3 f6 21. Bh3 Kf7 22. e4 Nb6 23. f4 exf4 24. Nxf4 Bd6 25. Ne6 Ke7 26. Nxd8 Rxd8 27. b3 Rb8 28. Rc2 a5 29. a4 Rd8 30. Kf1 h5 31. Rcd2 Bc7 32. Rxd8 Bxd8 33. Ke2 Bc7 34. Rd3 Be5 35. Kf2 Bd6 36. Ke2 Be5 37. Bg2 Bd6 38. h3 Be5 39. g4 h4 40. g5 fxg5 41. Bf3 Bd6 42. Bg4 Be5 43. Kd2 Bf4+ 44. Kc2 Be5 45. Rd1 Bd6 46. Kd3 Be5 47. Rf1 Na8 48. Bc8 b6 49. Bb7 Nc7 50. Bxc6 Ne6 51. Rh1 Kd6 52. Bd5 Nf4+ 53. Kc4 Bf6 54. Ba8 Be5 55. Kb5 Bd4 56. Kc4 Ke5 57. Bb7 Bc5 58. Ba8 Ne2 59. Bb7 Ng3 60. Rd1 g4 61. Bc8 gxh3 62. Bxh3 Nxe4 63. Re1 Kf4 64. Kd5 Nf2 65. Bc8 g5 66. Re8 g4 67. Re6 h3 68. Rf6+ Kg3 69. Rh6 h2 70. Kc4 h1=Q 0-1

[Event "FIDE WRBTC Blitz-Pool 2024"]
[Site "Astana"]
[Date "2024.08.05"]
[Round "1.37"]
[White "Alin, Azamat"]
[Black "Akylbek, Zhaksylyk"]
[Result "0-1"]
[WhiteElo "1969"]
[BlackElo "1662"]
[Annotator "ChessBase"]
[PlyCount "104"]
[EventDate "2024.08.01"]
[EventType "team-tourn"]
[EventCountry "KAZ"]
[SourceTitle "playchess.com"]
[Source "ChessBase"]
[SourceQuality "1"]

1. d4 f5 2. g3 Nf6 3. Bg2 d5 4. Nh3 e6 5. O-O Bd6 6. c4 c6 7. Nc3 O-O 8. b3 Nbd7 9. f3 b6 10. Nf2 Ba6 11. Re1 dxc4 12. e4 Bb4 13. Bb2 Re8 14. a3 Bf8 15. Bf1 b5 16. bxc4 bxc4 17. Qa4 Qb6 18. Rab1 Bb5 19. Qc2 a5 20. exf5 exf5 21. Qxf5 a4 22. Ba1 Kh8 23. Nxb5 cxb5 24. Bxc4 Rxe1+ 25. Rxe1 bxc4 26. g4 Qa5 27. Qb1 Rb8 28. Qc1 Qd5 29. Ne4 Rb3 30. Qf4 Rxa3 31. Kg2 Nxe4 32. fxe4 Ra2+ 33. Kh3 Qe6 34. d5 Qg6 35. Bd4 Ra3+ 36. Kg2 Ra2+ 37. Kh3 Ra3+ 38. Kg2 h5 39. h3 c3 40. Re3 Ra2+ 41. Kg3 c2 42. Rc3 h4+ 43. Kf3 Bb4 44. Rc8+ Kh7 45. Rc7 Nf6 46. Bxf6 c1=Q 47. Rxg7+ Qxg7 48. Qf5+ Qg6 49. Qd7+ Kg8 50. Qd8+ Kf7 51. Qd7+ Kg8 52. Qd8+ Bf8 0-1

[Event "FIDE WRBTC Blitz-Pool 2024"]
[Site "Astana"]
[Date "2024.08.05"]
[Round "1.38"]
[White "Al-Mudahka, Mohd"]
[Black "Akhilbay, Imangali"]
[Result "1-0"]
[WhiteElo "2542"]
[BlackElo "2279"]
[Annotator "ChessBase"]
[PlyCount "75"]
[EventDate "2024.08.01"]
[EventType "team-tourn"]
[EventCountry "KAZ"]
[SourceTitle "playchess.com"]
[Source "ChessBase"]
[SourceQuality "1"]

1. e4 e6 2. Nf3 d5 3. e5 c5 4. b4 cxb4 5. a3 bxa3 6. d4 Nc6 7. c3 a6 8. Nxa3 Bd7 9. Bd3 b5 10. O-O h6 11. Nc2 Nge7 12. Ne3 Ng6 13. g3 Be7 14. h4 O-O 15. h5 Nh8 16. Ng4 f5 17. exf6 Bxf6 18. Bc2 Qe8 19. Qd3 Qxh5 20. Nxh6+ Qxh6 21. Bxh6 Kf7 22. Bf4 Rg8 23. Rfe1 Ke7 24. Ng5 Nf7 25. Nxf7 Kxf7 26. Qg6+ Ke7 27. Re2 Kd8 28. Bg5 Kc7 29. Bf4+ Kb6 30. Bd6 Be8 31. Bc5+ Kb7 32. Qg4 Bf7 33. Rxe6 Bxe6 34. Qxe6 Rgc8 35. Bb3 Rc7 36. Bxd5 Rac8 37. Bg2 Kb8 38. Rxa6 1-0

[Event "FIDE WRBTC Blitz-Pool 2024"]
[Site "Astana"]
[Date "2024.08.05"]
[Round "1.38"]
[White "Abuzyarov, Arlan"]
[Black "Altair, Almir"]
[Result "0-1"]
[WhiteElo "1851"]
[BlackElo "1546"]
[Annotator "NA"]
[PlyCount "92"]
[EventDate "2024.08.01"]
[EventType "team-tourn"]
[EventCountry "KAZ"]
[SourceTitle "playchess.com"]
[Source "ChessBase"]
[SourceQuality "1"]

1. d4 d5 2. Nf3 Nf6 3. c4 e6 4. g3 c5 5. cxd5 exd5 6. Bg2 Nc6 7. O-O Be7 8. Nc3 O-O 9. Bg5 b6 10. dxc5 bxc5 11. Bxf6 Bxf6 12. Qxd5 Qxd5 13. Nxd5 Bxb2 14. Rab1 Ba3 15. Ne5 Nxe5 16. Ne7+ Kh8 17. Bxa8 c4 18. Nc6 Bf5 19. Nxe5 Bxb1 20. Rxb1 Rxa8 21. Nxc4 Bc5 22. Ne5 f6 23. Nd3 Bb6 24. Rc1 h6 25. Rc6 Rd8 26. Kg2 Kh7 27. Re6 Rc8 28. Re7 Rc2 29. Nb4 Rb2 30. Nd5 Rxa2 31. Nxf6+ Kg6 32. Ng4 Kh7 33. Nf6+ Kg6 34. Nd7 Ba5 35. f4 Bc3 36. Ne5+ Kh7 37. Kf3 a5 38. f5 a4 39. Ng6 Ra1 40. Re8 Rf1+ 41. Kg2 Rxf5 42. Nf8+ Kg8 43. Ne6+ Kf7 44. Nc7 a3 45. Ra8 Ra5 46. Rxa5 Bxa5 0-1

[Event "FIDE WRBTC Blitz-Pool 2024"]
[Site "Astana"]
[Date "2024.08.05"]
[Round "1.39"]
[White "Suleimen, Ergali"]
[Black "Zhu, Chen"]
[Result "1-0"]
[WhiteElo "2334"]
[BlackElo "2423"]
[Annotator "ChessBase"]
[PlyCount "85"]
[EventDate "2024.08.01"]
[EventType "team-tourn"]
[EventCountry "KAZ"]
[SourceTitle "playchess.com"]
[Source "ChessBase"]
[SourceQuality "1"]

1. e4 c5 2. Nf3 d6 3. d4 cxd4 4. Nxd4 Nf6 5. Nc3 a6 6. Be3 e5 7. Nb3 Be6 8. h3 Be7 9. Qf3 O-O 10. g4 b5 11. g5 Nfd7 12. h4 b4 13. Nd5 Bxd5 14. exd5 a5 15. Nd2 Na6 16. Rg1 Qc7 17. Bd3 Nac5 18. Bxc5 Nxc5 19. h5 Nxd3+ 20. Qxd3 Rac8 21. O-O-O a4 22. Kb1 a3 23. Ne4 Qc4 24. Nf6+ Bxf6 25. gxf6 Qxd3 26. Rxg7+ Kh8 27. Rxd3 axb2 28. Kxb2 Rc4 29. a3 Rf4 30. axb4 Rxb4+ 31. Rb3 Rh4 32. Rxf7 Rg8 33. Rd7 Rxh5 34. Rxd6 Rf8 35. Rg3 Rf5 36. Re3 h5 37. Re6 h4 38. R6xe5 R8xf6 39. Rxf5 Rxf5 40. Re4 Rh5 41. d6 h3 42. d7 Rd5 43. Re8+ 1-0

[Event "FIDE WRBTC Blitz-Pool 2024"]
[Site "Astana"]
[Date "2024.08.05"]
[Round "1.39"]
[White "Marat, Yasmin"]
[Black "Tuleyeva-Aketayeva, Dana"]
[Result "0-1"]
[WhiteElo "1414"]
[BlackElo "2130"]
[Annotator "ChessBase"]
[PlyCount "140"]
[EventDate "2024.08.01"]
[EventType "team-tourn"]
[EventCountry "KAZ"]
[SourceTitle "playchess.com"]
[Source "ChessBase"]
[SourceQuality "1"]

1. d4 g6 2. Nf3 Bg7 3. e3 b6 4. c4 Bb7 5. Nbd2 f5 6. b3 Nf6 7. Bb2 O-O 8. g3 e6 9. Bg2 d6 10. O-O Nbd7 11. Re1 Qe7 12. Bf1 Ne4 13. Bd3 Ndf6 14. Qc2 h6 15. Bxe4 Nxe4 16. Nxe4 Bxe4 17. Qe2 g5 18. Nd2 Bb7 19. Rab1 g4 20. Rf1 Qg5 21. f3 Qh5 22. fxg4 fxg4 23. Rxf8+ Rxf8 24. Rf1 Rxf1+ 25. Nxf1 Qf5 26. Nd2 h5 27. e4 Qg5 28. Bc1 Bxd4+ 29. Kf1 Qf6+ 30. Ke1 Bc3 31. Qd3 Bd4 32. Qe2 e5 33. Nf1 Qg6 34. Be3 Qxe4 35. Bxd4 Qxe2+ 36. Kxe2 exd4 37. Kd3 c5 38. Nd2 Kf7 39. Nb1 Ke6 40. Na3 a6 41. Nc2 Ke5 42. Ne1 Be4+ 43. Kd2 Bb1 44. a3 Be4 45. b4 a5 46. bxa5 bxa5 47. a4 Bc6 48. Kd3 Bxa4 49. Ng2 Bc6 50. Nf4 Be8 51. Nd5 a4 52. Kc2 a3 53. Kb3 d3 54. Nc3 Kd4 55. Nd1 Ke4 56. Kxa3 Kf3 57. Kb3 Ke2 58. Nc3+ Ke1 59. Kb2 d2 60. Kc2 Bg6+ 61. Kb2 d1=Q 62. Nxd1 Kxd1 63. Kc3 Ke2 64. Kb3 Kf3 65. Ka4 Bd3 66. Kb5 Kg2 67. Kc6 Bxc4 68. Kxd6 Be2 69. Kxc5 Kxh2 70. Kd4 Kxg3 0-1

[Event "FIDE WRBTC Blitz-Pool 2024"]
[Site "Astana"]
[Date "2024.08.05"]
[Round "1.40"]
[White "Nakhbayeva, Guliskhan"]
[Black "Petukhov, Alan"]
[Result "1/2-1/2"]
[WhiteElo "2326"]
[BlackElo "2224"]
[Annotator "ChessBase"]
[PlyCount "48"]
[EventDate "2024.08.01"]
[EventType "team-tourn"]
[EventCountry "KAZ"]
[SourceTitle "playchess.com"]
[Source "ChessBase"]
[SourceQuality "1"]

1. d4 Nf6 2. c4 e6 3. Nc3 d5 4. cxd5 exd5 5. Bg5 c6 6. Qc2 Be7 7. e3 Nbd7 8. Bd3 Nf8 9. Nf3 Ne6 10. Bh4 h6 11. h3 O-O 12. O-O Nh5 13. Bxe7 Qxe7 14. Rab1 Ng5 15. Nxg5 Qxg5 16. f4 Qe7 17. Rbe1 f5 18. a3 Bd7 19. b4 a5 20. Qb3 axb4 21. axb4 Kh8 22. Na4 Ra7 23. Rf2 Rfa8 24. Nc5 Ra3 1/2-1/2

[Event "FIDE WRBTC Blitz-Pool 2024"]
[Site "Astana"]
[Date "2024.08.05"]
[Round "1.40"]
[White "Tolegenov, Rollan"]
[Black "Aitzhan, Karim"]
[Result "1-0"]
[WhiteElo "1828"]
[BlackElo "1706"]
[Annotator "NA"]
[PlyCount "76"]
[EventDate "2024.08.01"]
[EventType "team-tourn"]
[EventCountry "KAZ"]
[SourceTitle "playchess.com"]
[Source "ChessBase"]
[SourceQuality "1"]

1. e4 c5 2. Nf3 Nc6 3. d4 cxd4 4. Nxd4 g6 5. Nc3 Bg7 6. Be3 Nf6 7. Bc4 O-O 8. f3 Na5 9. Bb3 Nxb3 10. axb3 d5 11. e5 Ne8 12. f4 Nc7 13. O-O Ne6 14. Kh1 Nxd4 15. Bxd4 Qd7 16. Bxa7 Qc6 17. Nxd5 Re8 18. c4 Bf5 19. Qe1 e6 20. Ne3 Be4 21. Qf2 b6 22. Ng4 Qb7 23. Qxb6 Bxg2+ 24. Kg1 Qxb6+ 25. Bxb6 Bxf1 26. Rxf1 Rab8 27. c5 Bf8 28. Nf6+ Kg7 29. Nxe8+ Rxe8 30. Rc1 Rc8 31. b4 Be7 32. Kf2 Kf8 33. Ke3 Ke8 34. Rd1 h5 35. b5 Bxc5+ 36. Bxc5 Rxc5 37. Rb1 Rxb5 38. b4 Kd8 1-0

[Event "FIDE WRBTC Blitz-Pool 2024"]
[Site "Astana"]
[Date "2024.08.05"]
[Round "1.41"]
[White "Kaliakhmet, Elnaz"]
[Black "Martynov, Aleksandr"]
[Result "1-0"]
[WhiteElo "2137"]
[BlackElo "1828"]
[Annotator "ChessBase"]
[PlyCount "69"]
[EventDate "2024.08.01"]
[EventType "team-tourn"]
[EventCountry "KAZ"]
[SourceTitle "playchess.com"]
[Source "ChessBase"]
[SourceQuality "1"]

1. d4 Nf6 2. c4 e6 3. Nf3 b6 4. g3 Bb7 5. Bg2 Be7 6. O-O O-O 7. Re1 d5 8. cxd5 Bxd5 9. Nc3 Bb7 10. Bf4 Na6 11. Rc1 c5 12. dxc5 Nxc5 13. Qc2 Rc8 14. Red1 Qe8 15. Qb1 h6 16. Ne5 Bxg2 17. Kxg2 Na4 18. Nxa4 Qxa4 19. b3 Qa3 20. Nd7 Rfd8 21. Nxf6+ Bxf6 22. Rxd8+ Rxd8 23. Qc2 e5 24. Be3 Qe7 25. Qc6 Rd7 26. Qa8+ Kh7 27. Rc8 Bg5 28. Rh8+ Kg6 29. Bxg5 hxg5 30. Qg8 Kf6 31. Rh7 Ke6 32. Qxg7 Rd2 33. Rh6+ Kd7 34. Rf6 Rxe2 35. Rxf7 1-0

[Event "FIDE WRBTC Blitz-Pool 2024"]
[Site "Astana"]
[Date "2024.08.05"]
[Round "1.41"]
[White "Yerseit, Alim"]
[Black "Akylbek, Eskendir"]
[Result "0-1"]
[WhiteElo "1495"]
[BlackElo "1603"]
[Annotator "NA"]
[PlyCount "110"]
[EventDate "2024.08.01"]
[EventType "team-tourn"]
[EventCountry "KAZ"]
[SourceTitle "playchess.com"]
[Source "ChessBase"]
[SourceQuality "1"]

1. e4 c6 2. d4 d5 3. Bd3 Nf6 4. Nd2 dxe4 5. Nxe4 Qxd4 6. Nxf6+ Qxf6 7. Nf3 Bg4 8. Be2 Bxf3 9. Bxf3 e6 10. O-O Nd7 11. c3 O-O-O 12. Qc2 Bd6 13. Rd1 Bb8 14. Be3 Ne5 15. Be2 h6 16. Bd4 Qf4 17. g3 Qf6 18. f4 Qg6 19. Qxg6 Nxg6 20. Bxg7 Rhg8 21. Bf6 Rxd1+ 22. Rxd1 Nxf4 23. Bf3 Nh3+ 24. Kf1 Ng5 25. Bg2 Rg6 26. Bd4 e5 27. Bc5 Rf6+ 28. Ke2 Ne6 29. Be7 Rg6 30. Bh3 Bc7 31. Bc5 b6 32. Be3 Kb7 33. Rd7 Ng5 34. Bxg5 hxg5 35. Rxf7 Rh6 36. Bf5 Rxh2+ 37. Kd3 Rxb2 38. Be6 Rg2 39. Rf3 Rxg3 40. Rxg3 e4+ 41. Kxe4 Bxg3 42. Kf5 Bf4 43. Bc4 b5 44. Bd3 Kb6 45. c4 b4 46. Bc2 Kc5 47. Bb3 a5 48. Kg4 Kd4 49. Kf3 c5 50. Kg4 Kc3 51. Kf3 a4 52. Bxa4 Kxc4 53. Bb3+ Kc3 54. Ke2 c4 55. Bd1 Kb2 0-1

[Event "FIDE WRBTC Blitz-Pool 2024"]
[Site "Astana"]
[Date "2024.08.05"]
[Round "1.42"]
[White "Musauly, Nurali"]
[Black "Akhmetov, Burkut"]
[Result "1-0"]
[WhiteElo "1816"]
[BlackElo "1400"]
[Annotator "NA"]
[PlyCount "62"]
[EventDate "2024.08.01"]
[EventType "team-tourn"]
[EventCountry "KAZ"]
[SourceTitle "playchess.com"]
[Source "ChessBase"]
[SourceQuality "1"]

1. Nf3 Nf6 2. c4 e6 3. Nc3 d5 4. e3 Be7 5. b3 c5 6. cxd5 exd5 7. d4 O-O 8. Bb2 Bg4 9. Be2 Nc6 10. dxc5 Bxc5 11. O-O Re8 12. h3 Bh5 13. Nh4 Bxe2 14. Nxe2 Qe7 15. Nf5 Qe6 16. Nfd4 Qe4 17. Rc1 Bxd4 18. Nxd4 Nxd4 19. Bxd4 b6 20. Qd2 Qf5 21. Qb2 Rac8 22. Bxf6 gxf6 23. Rfd1 Rcd8 24. Rd4 Re4 25. Rcd1 Rxd4 26. Qxd4 Qe5 27. g3 Kg7 28. Kg2 Qe6 29. Rd2 h6 30. Kh2 Kg6 31. Rc2 Qe4 1-0

[Event "FIDE WRBTC Blitz-Pool 2024"]
[Site "Astana"]
[Date "2024.08.05"]
[Round "1.42"]
[White "Demezhanov, Tuleubek"]
[Black "Degenbayev, Altair"]
[Result "1/2-1/2"]
[WhiteElo "1776"]
[BlackElo "1460"]
[Annotator "NA"]
[PlyCount "118"]
[EventDate "2024.08.01"]
[EventType "team-tourn"]
[EventCountry "KAZ"]
[SourceTitle "playchess.com"]
[Source "ChessBase"]
[SourceQuality "1"]

1. e4 e5 2. Nf3 d5 3. exd5 e4 4. Qe2 Nf6 5. Nc3 Be7 6. Nxe4 Nxd5 7. d3 O-O 8. Be3 Re8 9. g3 f5 10. Nc3 Nxc3 11. bxc3 Nc6 12. Bg2 Bf6 13. d4 Be6 14. O-O a6 15. Rad1 Bf7 16. Qd3 Ne7 17. c4 Bg6 18. Bf4 Qd7 19. Ne5 Bxe5 20. dxe5 Qxd3 21. cxd3 Rad8 22. Bxb7 a5 23. d4 Bf7 24. d5 Ng6 25. e6 Nxf4 26. exf7+ Kxf7 27. gxf4 Re4 28. Ba6 Rxf4 29. Rfe1 Rd6 30. Re3 Rxa6 31. Rde1 Rg6+ 32. Kf1 Rh4 33. Re7+ Kf6 34. R1e6+ Kg5 35. Rxg6+ hxg6 36. Rxc7 Kf6 37. Rc6+ Ke7 38. Rxg6 Rxc4 39. Rxg7+ Kf6 40. Ra7 Rc5 41. d6 Rd5 42. Ra6 Ke6 43. Kg2 Rd2 44. a4 Rd4 45. f3 Rxa4 46. Kg3 Rd4 47. Rxa5 Rxd6 48. Ra4 Kf6 49. h4 Re6 50. Kf4 Rc6 51. Rd4 Ra6 52. h5 Rb6 53. h6 Kg6 54. Rc4 Kxh6 55. Kxf5 Rb7 56. Rg4 Rf7+ 57. Ke4 Re7+ 58. Kd4 Rf7 59. f4 Kh5 1/2-1/2

[Event "FIDE WRBTC Blitz-Pool 2024"]
[Site "Astana"]
[Date "2024.08.05"]
[Round "1.43"]
[White "Annaberdiyev, Meylis"]
[Black "Bilguun, Sumiya"]
[Result "0-1"]
[WhiteElo "2431"]
[BlackElo "2470"]
[Annotator "ChessBase"]
[PlyCount "148"]
[EventDate "2024.08.01"]
[EventType "team-tourn"]
[EventCountry "KAZ"]
[SourceTitle "playchess.com"]
[Source "ChessBase"]
[SourceQuality "1"]

1. d4 d5 2. c4 e6 3. Nc3 c6 4. cxd5 exd5 5. Nf3 Nf6 6. Bg5 Be7 7. e3 Bf5 8. Bd3 Bxd3 9. Qxd3 Nbd7 10. O-O O-O 11. h3 Ne4 12. Bf4 Nd6 13. Bxd6 Bxd6 14. e4 dxe4 15. Nxe4 Nf6 16. Nxf6+ Qxf6 17. Qb3 Rab8 18. d5 cxd5 19. Qxd5 Rfd8 20. Qb3 Bc5 21. Rad1 Bb6 22. g3 h6 23. Kg2 Re8 24. Rfe1 Rxe1 25. Rxe1 Rd8 26. Re2 g6 27. Qc4 Kg7 28. b3 Rd6 29. h4 Rc6 30. Qd5 Qd6 31. Qxd6 Rxd6 32. Re7 Re6 33. Rxe6 fxe6 34. Ne5 Bd4 35. Nd3 Kf6 36. Kf3 h5 37. Ke4 Bb6 38. f3 Bc7 39. g4 Bg3 40. gxh5 gxh5 41. Nf4 Bxh4 42. Nxh5+ Ke7 43. Nf4 Bf6 44. Nd3 Kd6 45. f4 Bc3 46. Nf2 Bh8 47. Nd3 Bg7 48. Nf2 Kc5 49. Nd3+ Kd6 50. Nf2 a6 51. Nd3 b6 52. Nf2 b5 53. Nd3 a5 54. Nf2 a4 55. b4 Bc3 56. Nd3 Bd2 57. Kd4 Kc6 58. Ne5+ Kc7 59. Nd3 Kd6 60. Ke4 Bc3 61. Ke3 Kd5 62. Nf2 Bd4+ 63. Kf3 Bxf2 64. Kxf2 Kc4 65. Ke3 Kxb4 66. Ke4 Ka3 67. Ke5 Kxa2 68. Kxe6 b4 69. f5 b3 70. f6 b2 71. f7 b1=Q 72. f8=Q Qb3+ 73. Ke5 a3 74. Qf2+ Qb2+ 0-1

[Event "FIDE WRBTC Blitz-Pool 2024"]
[Site "Astana"]
[Date "2024.08.05"]
[Round "1.43"]
[White "Kassimov, Baurzhan"]
[Black "Zhuravlev, Viktor"]
[Result "1-0"]
[WhiteElo "2260"]
[BlackElo "1998"]
[Annotator "ChessBase"]
[PlyCount "93"]
[EventDate "2024.08.01"]
[EventType "team-tourn"]
[EventCountry "KAZ"]
[SourceTitle "playchess.com"]
[Source "ChessBase"]
[SourceQuality "1"]

1. c4 c5 2. Nc3 Nc6 3. Nf3 g6 4. g3 Bg7 5. Bg2 e6 6. O-O Nge7 7. d3 d5 8. Bd2 O-O 9. a3 b6 10. Rb1 a5 11. Qc1 Re8 12. Bh6 Bh8 13. Nb5 e5 14. cxd5 Nxd5 15. Nd2 Be6 16. Nc4 Rb8 17. e3 Qd7 18. Qd1 Nde7 19. e4 Red8 20. Ncd6 Nc8 21. Nxc8 Rbxc8 22. Nc3 Ne7 23. Na4 Rc6 24. b4 axb4 25. axb4 Ra8 26. bxc5 Qd4 27. Nxb6 Rd8 28. Qa4 Qxd3 29. Be3 Rf8 30. Rfd1 Qe2 31. Nd5 Nxd5 32. exd5 Rcc8 33. dxe6 fxe6 34. c6 Ra8 35. Qb5 Qc2 36. Qd3 Qa2 37. Rd2 Qa5 38. Rc1 Rad8 39. Qc3 Qc7 40. Rxd8 Rxd8 41. Qc4 Kf7 42. Qb4 Rb8 43. Qc5 Bf6 44. Qa7 Qxa7 45. Bxa7 Rc8 46. c7 Be7 47. Bb7 1-0

[Event "FIDE WRBTC Blitz-Pool 2024"]
[Site "Astana"]
[Date "2024.08.05"]
[Round "1.44"]
[White "Chinguun, Sumiya"]
[Black "Halynyazov, Vepaly"]
[Result "1-0"]
[WhiteElo "2389"]
[BlackElo "2049"]
[Annotator "ChessBase"]
[PlyCount "62"]
[EventDate "2024.08.01"]
[EventType "team-tourn"]
[EventCountry "KAZ"]
[SourceTitle "playchess.com"]
[Source "ChessBase"]
[SourceQuality "1"]

1. e4 e6 2. d4 d5 3. Nc3 Bb4 4. e5 Ne7 5. a3 Bxc3+ 6. bxc3 b6 7. Qg4 Ng6 8. h4 h5 9. Qg3 Ba6 10. Bxa6 Nxa6 11. Nh3 Qxh4 12. Qd3 Qe4+ 13. Qxe4 dxe4 14. Ng5 c5 15. Nxe4 Nc7 16. Nd6+ Ke7 17. Be3 Nd5 18. Ne4 cxd4 19. cxd4 Rac8 20. O-O-O Ngf4 21. g3 Ne2+ 22. Kb2 Nec3 23. Nxc3 Nxc3 24. Rd3 Nd5 25. Bd2 g6 26. a4 Rc4 27. Kb3 Rhc8 28. c3 Kd7 29. Rf3 Ke7 30. g4 hxg4 31. Bg5+ Kf8 1-0

[Event "FIDE WRBTC Blitz-Pool 2024"]
[Site "Astana"]
[Date "2024.08.05"]
[Round "1.44"]
[White "Muldagaliyev, Dauren"]
[Black "Nukin, Askhat"]
[Result "0-1"]
[WhiteElo "1929"]
[BlackElo "2268"]
[Annotator "ChessBase"]
[PlyCount "107"]
[EventDate "2024.08.01"]
[EventType "team-tourn"]
[EventCountry "KAZ"]
[SourceTitle "playchess.com"]
[Source "ChessBase"]
[SourceQuality "1"]

1. Nf3 f5 2. e3 Nf6 3. b3 e6 4. Bb2 d5 5. c4 c6 6. Be2 Bd6 7. d3 O-O 8. Nbd2 Qe7 9. a3 e5 10. O-O Nbd7 11. Re1 e4 12. Nd4 Ne5 13. Qc2 Bd7 14. cxd5 cxd5 15. b4 exd3 16. Bxd3 Ba4 17. Qxa4 Nxd3 18. Reb1 Ng4 19. Qb3 Bxh2+ 20. Kf1 Ndxf2 21. Nc2 Rad8 22. Nf3 Bg3 23. Re1 Ne4 24. Red1 Kh8 25. Rd3 f4 26. Bd4 fxe3 27. Nxe3 Nh2+ 28. Ke2 Nxf3 29. gxf3 Ng5 30. Rf1 Ne6 31. Qb2 Nf4+ 32. Kd2 Nxd3 33. Kxd3 Rd7 34. Qg2 Be5 35. Nc2 Bxd4 36. Nxd4 Re8 37. Qf2 Qf6 38. Re1 Qg6+ 39. Kd2 Rde7 40. Rxe7 Rxe7 41. Qh2 h6 42. Qb8+ Kh7 43. Qxa7 Qg2+ 44. Kd3 Qf1+ 45. Kc2 Rc7+ 46. Kb3 Qc4+ 47. Kb2 Qc3+ 48. Ka2 b5 49. Qb6 Qc4+ 50. Kb2 Re7 51. Kb1 Re3 52. Nf5 Qd3+ 53. Kb2 Re2+ 54. Kc1 0-1

[Event "FIDE WRBTC Blitz-Pool 2024"]
[Site "Astana"]
[Date "2024.08.05"]
[Round "1.45"]
[White "Turayev, Shahruh"]
[Black "Agibileg, Uurtsaikh"]
[Result "1/2-1/2"]
[WhiteElo "2097"]
[BlackElo "2411"]
[Annotator "ChessBase"]
[PlyCount "100"]
[EventDate "2024.08.01"]
[EventType "team-tourn"]
[EventCountry "KAZ"]
[SourceTitle "playchess.com"]
[Source "ChessBase"]
[SourceQuality "1"]

1. e4 c5 2. Nc3 e6 3. g3 d5 4. exd5 exd5 5. d4 cxd4 6. Qxd4 Nf6 7. Bg2 Nc6 8. Qa4 Bb4 9. Nge2 Bxc3+ 10. Nxc3 Qe7+ 11. Be3 O-O 12. O-O-O Be6 13. Nxd5 Nxd5 14. Bxd5 Bxd5 15. Rxd5 Rfd8 16. Rhd1 a6 17. Bg5 f6 18. Be3 Rxd5 19. Rxd5 Rc8 20. Qg4 Rd8 21. Bc5 Qe1+ 22. Qd1 Qxd1+ 23. Rxd1 Kf7 24. Rxd8 Nxd8 25. Kd2 Ke6 26. Kd3 Kd5 27. Be3 b5 28. b3 Nc6 29. c4+ bxc4+ 30. bxc4+ Ke6 31. Kc3 Kd7 32. Bd4 Ke6 33. Kd3 Nb4+ 34. Kd2 Nc6 35. Bc3 g6 36. Kd3 f5 37. a3 Kd6 38. Bb4+ Ke6 39. h3 Ke5 40. f4+ Ke6 41. g4 Kd7 42. c5 Ke6 43. Kc4 Ne7 44. Bc3 Nc6 45. Bd4 Na5+ 46. Kb4 Nc6+ 47. Kc4 Na5+ 48. Kb4 Nc6+ 49. Kc4 Na5+ 50. Kb4 Nc6+ 1/2-1/2

[Event "FIDE WRBTC Blitz-Pool 2024"]
[Site "Astana"]
[Date "2024.08.05"]
[Round "1.45"]
[White "Ulkhanov, Azamat"]
[Black "Bulatov, Dinmukhamed"]
[Result "1-0"]
[WhiteElo "2006"]
[BlackElo "1767"]
[Annotator "ChessBase"]
[PlyCount "95"]
[EventDate "2024.08.01"]
[EventType "team-tourn"]
[EventCountry "KAZ"]
[SourceTitle "playchess.com"]
[Source "ChessBase"]
[SourceQuality "1"]

1. e4 e6 2. d4 d5 3. e5 c5 4. c3 Nc6 5. Nf3 Bd7 6. Bd3 Nge7 7. O-O cxd4 8. cxd4 Nf5 9. Bxf5 exf5 10. Nc3 Be6 11. Ne2 Be7 12. Ne1 O-O 13. Nd3 Qb6 14. Be3 Rac8 15. Rc1 Rfd8 16. g3 Na5 17. b3 Ba3 18. Rxc8 Rxc8 19. Qb1 Nc6 20. Bc1 Be7 21. Bb2 Nb4 22. Nef4 Qa6 23. Nxb4 Bxb4 24. h4 Bd2 25. Nd3 Qb5 26. Rd1 Ba5 27. Nf4 Qd7 28. Rc1 Rc6 29. Rc5 Rxc5 30. dxc5 Bc7 31. Bd4 Qc6 32. b4 a6 33. Qb3 b6 34. Nd3 b5 35. Nf4 h6 36. h5 a5 37. a3 axb4 38. axb4 Qa8 39. Kh2 Qc6 40. Qa2 Kh7 41. Qa7 g6 42. hxg6+ fxg6 43. Nxe6 Qxe6 44. Qxc7+ Kg8 45. Qd8+ Kh7 46. Qc7+ Kg8 47. Qd6 Qc8 48. Qxd5+ 1-0